| 000 | 00518nam a2200205Ia 4500 | ||
|---|---|---|---|
| 003 | OSt | ||
| 005 | 20250301095401.0 | ||
| 008 | 210210b1970 xxu||||| |||| 00| 0 eng d | ||
| 040 | _cAL | ||
| 041 | _ahin | ||
| 082 | _aH891.4 ARAP | ||
| 100 |
_aARA (Jamal): _9203135 |
||
| 110 |
_bआरा जमाल _9203136 |
||
| 245 |
_aPakshi jagat: _bपक्षी जगत |
||
| 260 |
_aNayi Dilli _bNational Book Trust _c1970 |
||
| 300 | _a63 | ||
| 690 |
_aHindi Prose _9203137 |
||
| 906 | _a029287 | ||
| 942 |
_2ddc _cBK |
||
| 999 |
_c80508 _d80508 |
||